ბათუმის შოთა რუსთაველის სახელმწიფო უნივერსიტეტის ბიბლიოთეკა

География и природные ресурсы.№3. 2013 (ბიბ.ჩანაწერი № 41483)

000 -LEADER
fixed length control field 00546nam a2200193Ia 4500
001 - CONTROL NUMBER
control field 8150
003 - CONTROL NUMBER IDENTIFIER
control field GE_BSU
008 - FIXED-LENGTH DATA ELEMENTS--GENERAL INFORMATION
fixed length control field 181216s||||||||xx |||||||||||||| ||und||
040 ## - CATALOGING SOURCE
Transcribing agency GE_BSU
245 ## - TITLE STATEMENT
Title География и природные ресурсы.№3. 2013
245 ## - TITLE STATEMENT
Remainder of title Июль
245 ## - TITLE STATEMENT
Statement of responsibility, etc. Гл. ред. В.М.Плюснин. (ред.колл.)
260 ## - PUBLICATION, DISTRIBUTION, ETC.
Place of publication, distribution, etc. Иркутск
260 ## - PUBLICATION, DISTRIBUTION, ETC.
Name of publisher, distributor, etc. Нео
260 ## - PUBLICATION, DISTRIBUTION, ETC.
Date of publication, distribution, etc. 2013.
300 ## - PHYSICAL DESCRIPTION
Extent 196ст,27см.
653 ## - INDEX TERM--UNCONTROLLED
Uncontrolled term География и природные ресурсы.
942 ## - ADDED ENTRY ELEMENTS (KOHA)
Koha item type პერიოდიკა
ეგზემპლარები
Withdrawn status Lost status Damaged status Not for loan Date acquired Barcode Date last seen Price effective from Koha item type
        2018-12-17 p75920 2018-12-17 2018-12-17 პერიოდიკა